logo

Bir Sreshtho Munshi Abdur Rouf Library
Jhenaidah Cadet College

Information please almanac, atlas and yearbook 1969 / (Record no. 7713)

MARC details
000 -LEADER
fixed length control field 01379cas a2200373 a 4500
001 - CONTROL NUMBER
JCCL Control Number 7713
003 - CONTROL NUMBER IDENTIFIER
JCCL marc code UkOxU
005 - DATE AND TIME OF LATEST TRANSACTION
control field 20180222140011.0
008 - FIXED-LENGTH DATA ELEMENTS--GENERAL INFORMATION
fixed length control field 750612d19611997mauar1 0 a0eng d
022 0# - INTERNATIONAL STANDARD SERIAL NUMBER
International Standard Serial Number 0073-7860
035 ## - SYSTEM CONTROL NUMBER
system control number (OCoLC)ocm01389167
040 ## - CATALOGING SOURCE
Original cataloging agency DI
Transcribing agency DI
Modifying agency NIC
-- NSDP
-- InU
-- OCoLC
-- InU
-- OCoLC
-- DLC
-- NST
-- OCoLC
-- DLC
-- NST
-- OCoLC
-- NST
-- MH
-- NST
-- InU
-- TNJ
-- MH
-- DNLM
-- DLC
-- NSDP
-- CLU
041 ## - LANGUAGE CODE
Language code of Book eng
050 00 - LIBRARY OF CONGRESS CALL NUMBER
Classification number AY64
Item number .I55
060 00 - NATIONAL LIBRARY OF MEDICINE CALL NUMBER
Classification number AY 64
Item number I43
082 0# - DEWEY DECIMAL CLASSIFICATION NUMBER
Classification number 031
DDC Edition number 19
245 00 - TITLE STATEMENT
Title Information please almanac, atlas and yearbook 1969 /
Statement of responsibility, etc planned and supervised by Dan Golenpaul Associates.
246 1# - VARYING FORM OF TITLE
Title proper/short title Information please almanac, atlas & yearbook
246 14 - VARYING FORM OF TITLE
Title proper/short title Information please almanac
260 ## - PUBLICATION, DISTRIBUTION, ETC. (IMPRINT)
Place of publication, distribution, etc New York City :
Name of publisher, distributor, etc McGraw-Hill,
Date of publication, distribution, etc c1960-1997.
300 ## - PHYSICAL DESCRIPTION
Pagination 944p. :
Other physical details ill., ports., ;
Dimensions 22 cm.
500 ## - GENERAL NOTE
General note Published: Boston : Houghton Mifflin, <1985>-1997.
500 ## - GENERAL NOTE
General note Editors: 1961-1974, Dan Golenpaul; 1975- Ann Golenpaul.
650 #0 - SUBJECT ADDED ENTRY--TOPICAL TERM
Topical term or geographic name as entry element Almanacs, American.
650 #0 - SUBJECT ADDED ENTRY--TOPICAL TERM
Topical term or geographic name as entry element Almanacs
650 #2 - SUBJECT ADDED ENTRY--TOPICAL TERM
Topical term or geographic name as entry element Almanacs.
700 1# - ADDED ENTRY--PERSONAL NAME
Personal name Golenpaul, Dan.
700 1# - ADDED ENTRY--PERSONAL NAME
Personal name Golenpaul, Ann.
710 2# - ADDED ENTRY--CORPORATE NAME
Corporate name or jurisdiction name as entry element Dan Golenpaul Associates.
780 00 - PRECEDING ENTRY
Title Information please almanac
Record control number (OCoLC)4790494
-- (DLC) 86655601
-- (UkOxU)011923339
785 00 - SUCCEEDING ENTRY
Title Information please almanac (Boston, Mass.)
International Standard Serial Number 1529-9503
Record control number (DLC)sn 98032288
-- (OCoLC)37979592
942 ## - ADDED ENTRY ELEMENTS (KOHA)
Source of classification or shelving scheme Dewey Decimal Classification
Koha item type Books
Holdings
Source of classification or shelving scheme Damaged status Not for loan Home library Current library Shelving location Total Checkouts Full call number Barcode Date last seen Copy number Koha item type
Dewey Decimal Classification     JCC Rouf Library JCC Rouf Library General Stacks   031 10284 02/13/2018 C - 1 Books

JCC Library | Contacts | JCC Home

Last Update on 23 September 2017
Copyright @ 2017-2020 JCC Rouf Library
Rouf Library, Jhenidah Cadet College (JCC), Bangladesh